[Event "Bundesliga 2000-1"]
[Site "Godesberg GER"]
[Date "2001.04.01"]
[Round "13"]
[White "Nenashev,A"]
[Black "Giemsa,S"]
[Result "1-0"]
[WhiteElo "2649"]
[BlackElo "2307"]

1.d4 Nf6 2.c4 g6 3.Nc3 d5 4.cxd5 Nxd5 5.e4 Nxc3 6.bxc3 Bg7 7.Be3 c5 8.Nf3 O-O
9.Be2 Bg4 10.O-O Qc7 11.Ng5 Bxe2 12.Qxe2 cxd4 13.cxd4 Nc6 14.Rad1 e5 15.d5 Nd4
16.Bxd4 exd4 17.Nf3 Qc3 18.e5 Rfe8 19.Qe4 Qa5 20.Qxd4 Qxa2 21.Ra1 Qe2 22.Rxa7 Bxe5
23.Nxe5 Rxa7 24.Ng4 Ra6 25.d6 h5 26.Nf6+ Kf8 27.g3 Rd8 28.Ne4 Kg8 29.Qe5 Qc4
30.Nf6+ Kf8 31.Qe7+  1-0

[Event "ch-CUB"]
[Site "Las Tunas CUB"]
[Date "2001.04.01"]
[Round "1"]
[White "Vera,R"]
[Black "Herrera,I"]
[Result "1-0"]
[WhiteElo "2534"]
[BlackElo "2432"]

1.d4 Nf6 2.c4 g6 3.Nc3 d5 4.cxd5 Nxd5 5.e4 Nxc3 6.bxc3 Bg7 7.Nf3 c5 8.Rb1 O-O
9.Be2 cxd4 10.cxd4 Qa5+ 11.Bd2 Qxa2 12.O-O Bg4 13.Bg5 h6 14.Bh4 a5 15.Rxb7 g5
16.Bg3 a4 17.Rc7 a3 18.h3 Bh5 19.Bc4 Qb2 20.Bd5 Ra5 21.Rb7 Rb5 22.Rxe7 Rc8
23.Ra7 Nc6 24.Bxc6 Rxc6 25.Ra8+ Kh7 26.d5 Rcb6 27.Nxg5+ Kg6 28.Nf3 Kh7 29.d6 Rb8
30.Rxb8 Rxb8 31.d7 Rd8 32.Bc7 Rxd7 33.Qxd7 a2 34.Be5  1-0

[Event "Dos Hermanas Internet KO"]
[Site "ICC INT"]
[Date "2001.04.06"]
[Round "2.2"]
[White "Rychagov,A"]
[Black "Shipov,S"]
[Result "1/2-1/2"]
[WhiteElo "2525"]
[BlackElo "2640"]

1.d4 Nf6 2.c4 g6 3.Nc3 d5 4.cxd5 Nxd5 5.e4 Nxc3 6.bxc3 Bg7 7.Be3 c5 8.Qd2 Qa5
9.Rc1 cxd4 10.cxd4 Qxd2+ 11.Kxd2 O-O 12.Bb5 Nc6 13.Bxc6 bxc6 14.Ne2 Rb8 15.Rb1 Ba6
16.Rhc1 e5 17.dxe5 Bxe5 18.Bxa7 Rfd8+ 19.Ke1 Rxb1 20.Rxb1 Bc7 21.Be3 Bd3
22.Rc1 Bxe4 23.f3 Bd5 24.a4 Ra8 25.Nd4 Rxa4 26.Nxc6 Bxc6 27.Rxc6 Ra1+ 28.Ke2 Ra2+
29.Kd3 Ra3+ 30.Ke4 f5+ 31.Kd4 Bxh2 32.Rc8+ Kf7 33.Bh6 Ra5 34.Kc4 Ra7 35.Rh8 Ke6
36.Re8+ Re7 37.Ra8 Be5 38.Ra6+ Kf7 39.Kd5 Bg7 40.Bg5 Rd7+ 41.Kc6 Ke6 42.Ra2 Rd6+
43.Kc7 Rd7+ 44.Kc8 Rd5 45.Ra7 Rc5+ 46.Kb8 Be5+ 47.Ka8 Rc8+ 48.Kb7 Rc7+ 49.Ka6 Rxa7+
50.Kxa7 Bf6 51.Bf4 Kd5 52.Kb6 Be5 53.Bg5 h5 54.Kb5 Bb8  1/2-1/2

[Event "Czech Extra League 2000-1"]
[Site "CZE"]
[Date "2001.04.08"]
[Round "11"]
[White "Stocek,J"]
[Black "Jansa,Vl"]
[Result "1/2-1/2"]
[WhiteElo "2537"]
[BlackElo "2470"]

1.d4 Nf6 2.c4 g6 3.Nc3 d5 4.cxd5 Nxd5 5.e4 Nxc3 6.bxc3 Bg7 7.Nf3 c5 8.h3 O-O
9.Be2 b6 10.O-O Bb7 11.Qd3 cxd4 12.cxd4 Ba6 13.Qe3 Bxe2 14.Qxe2 Nc6 15.Bb2 Nxd4
16.Bxd4 Bxd4 17.Rad1 e5 18.Nxe5 Qc7 19.Nxf7 Bxf2+ 20.Qxf2 Rxf7 21.Qxf7+ Qxf7
22.Rxf7 Kxf7 23.Rd7+ Kf6 24.Rxh7 Re8 25.Rxa7 Rxe4 26.Ra3 Re2 27.Kf1 Rb2 28.Rf3+ Ke5
29.Re3+ Kf6 30.Rf3+ Ke5 31.a3 b5 32.h4 b4 33.axb4 Rxb4 34.g3 Rb2 35.Rf2 Rxf2+
36.Kxf2 g5 37.h5 g4 38.Ke3  1/2-1/2

[Event "Israel Open Ch"]
[Site "Tel Aviv ISR"]
[Date "2001.04.10"]
[Round "2"]
[White "Roiz,M"]
[Black "Kaplivatski,A"]
[Result "1-0"]
[WhiteElo "2449"]
[BlackElo "2268"]

1.d4 Nf6 2.c4 g6 3.Nc3 d5 4.cxd5 Nxd5 5.e4 Nxc3 6.bxc3 Bg7 7.Nf3 c5 8.Rb1 O-O
9.Be2 Nc6 10.d5 Na5 11.c4 Bg4 12.Qc2 b6 13.O-O e5 14.Bb2 Qe7 15.Rbe1 Rad8
16.Nd2 Bc8 17.Bd3 Nb7 18.f4 f6 19.Bc3 Nd6 20.f5 Bd7 21.Rf3 Rb8 22.fxg6 hxg6
23.Rg3 Be8 24.Nf3 Bh6 25.Nh4 Bg5 26.Rxg5 fxg5 27.Nf3 Nf7 28.Qb2 b5 29.Nxe5 Nxe5
30.Bxe5 Rb6 31.cxb5 Bxb5 32.Bxb5 Qb7 33.a4 a6 34.Rb1 axb5 35.axb5 Qe7 36.Qc3 Re8
37.d6 Qe6 38.Qxc5 Rb7 39.Bc3 Rf7 40.Qd4 Kh7 41.b6 Rd7 42.Rf1 Kh6 43.Rf3 g4
44.Qd2+ Kh5 45.h4  1-0

[Event "Open NOR-ch Junior"]
[Site "Oslo NOR"]
[Date "2001.04.11"]
[Round "7"]
[White "Kvisvik,B"]
[Black "Hanley,C"]
[Result "1/2-1/2"]
[WhiteElo "2106"]
[BlackElo "2306"]

1.d4 Nf6 2.c4 g6 3.Nc3 d5 4.cxd5 Nxd5 5.e4 Nxc3 6.bxc3 Bg7 7.Bc4 O-O 8.Ne2 c5
9.O-O Nc6 10.Be3 Bg4 11.f3 Na5 12.Bd3 cxd4 13.cxd4 Be6 14.Rc1  1/2-1/2

[Event "FSIMB April"]
[Site "Budapest HUN"]
[Date "2001.04.12"]
[Round "6"]
[White "Galyas,M"]
[Black "Sipos,I"]
[Result "1/2-1/2"]
[WhiteElo "2371"]
[BlackElo "2206"]

1.d4 Nf6 2.c4 g6 3.Nc3 d5 4.cxd5 Nxd5 5.e4 Nxc3 6.bxc3 Bg7 7.Nf3 O-O 8.Be2 c5
9.Rb1 cxd4 10.cxd4 Qa5+ 11.Bd2 Qxa2 12.O-O b6 13.Bg5 Bb7 14.Rc1 Nc6 15.d5 Rfd8
16.Bb5 h6 17.Bh4 Rac8 18.Qa4 Qxa4 19.Bxa4 Nb8 20.Bxe7 Rxc1 21.Rxc1 Rc8 22.Rxc8+ Bxc8
23.Bd6 Bd7 24.Bb3 Na6 25.e5 Nc5 26.Ba2 g5 27.Nd4 Ne4 28.Bb8 Kf8 29.Bxa7 Bxe5
30.Bxb6 Nc3 31.Bc4 Bd6 32.Nc6 Ne4 33.f3 Nc5 34.Bb5 Kg7 35.Nd4 Kf6 36.Bc6 Ke5
37.Nb5 Bf5 38.Ba5 Bb8 39.Bc3+ Kf4 40.Bd2+ Ke5 41.Bc3+ Kf4 42.d6 Bd7 43.Bxd7 Nxd7
44.Ba5 Ke5 45.Bc7 Kd5 46.g4 Kc5 47.Nc3 Kc6 48.Bxb8 Nxb8 49.Ne4 Nd7 50.Kf2 Ne5
51.Ke3 Nc4+ 52.Kd4 Nxd6 53.Ke5 Nc4+ 54.Kf6 Kd5 55.Kg7 Ne5 56.Nd2 Kd4 57.Kxh6 Ke3
58.Kxg5 Kxd2 59.Kf4 Ng6+ 60.Ke4 Ke2 61.f4 Nh4 62.f5 Kf2 63.Kf4 Kg2 64.g5 Kxh2
65.g6 Nxg6+ 66.fxg6 fxg6 67.Kg5 Kg3 68.Kxg6  1/2-1/2

[Event "Open"]
[Site "Metz FRA"]
[Date "2001.04.15"]
[Round "9"]
[White "Krivoshey,S"]
[Black "Zigura,O"]
[Result "1/2-1/2"]
[WhiteElo "2455"]
[BlackElo "2392"]

1.d4 Nf6 2.c4 g6 3.Nc3 d5 4.cxd5 Nxd5 5.e4 Nxc3 6.bxc3 Bg7 7.Nf3 b6 8.Bb5+ Bd7
9.Be2 Nc6 10.h4 e5 11.Bg5 f6 12.Be3 Qe7 13.d5 Na5 14.c4 h5 15.c5 Bh6 16.d6 cxd6
17.Bxh6 Rxh6 18.cxd6 Qe6 19.O-O Rh7 20.Qd2 Bc6 21.Rac1 Rd8 22.Rfd1 Rhd7 23.Qh6 Qg8
24.Rxc6 Nxc6 25.Bb5 Rxd6 26.Rc1 Kd7 27.Bc4 Qh8 28.Qxg6 Rc8 29.Bb5 Ke7 30.Rxc6 Rcxc6
31.Bxc6 Rxc6 32.Nxe5 Rc1+ 33.Kh2 fxe5 34.Qg5+ Qf6 35.Qxc1 Qxh4+ 36.Kg1 Qxe4
37.Qc7+  1/2-1/2

[Event "Classics GM"]
[Site "Gausdal NOR"]
[Date "2001.04.18"]
[Round "4"]
[White "Akesson,R"]
[Black "Elsness,F"]
[Result "1/2-1/2"]
[WhiteElo "2463"]
[BlackElo "2412"]

1.d4 Nf6 2.c4 g6 3.Nc3 d5 4.cxd5 Nxd5 5.e4 Nxc3 6.bxc3 Bg7 7.Be3 c5 8.Qd2 O-O
9.Nf3 Qa5 10.Rc1 cxd4 11.cxd4 Qxd2+ 12.Nxd2 e6 13.Bb5 Bd7 14.Bxd7 Nxd7 15.Ke2 Rfc8
16.Nc4 Bf8 17.Kd3 b5 18.Na5 Ba3 19.Rxc8+ Rxc8 20.Rb1 a6 21.Rb3 Bd6 22.h3 f5
23.f3 Kf7 24.g4 fxe4+ 25.fxe4 Nb6 26.Rb2 Na4 27.Rc2 Rxc2 28.Kxc2 Ke8 29.Kb3 Kd7
30.Nc4 Bc7 31.Nd2 Nb6 32.Bh6 Kc6 33.Bf8 Bf4 34.Bb4 Nd7 35.Kc2 h5 36.gxh5 gxh5
37.Kd3 Bxd2  1/2-1/2

[Event "Classics IMB"]
[Site "Gausdal NOR"]
[Date "2001.04.18"]
[Round "4"]
[White "Tallaksen,G"]
[Black "Ekeberg,C"]
[Result "1-0"]
[WhiteElo "2233"]
[BlackElo "2098"]

1.d4 Nf6 2.c4 g6 3.Nc3 d5 4.cxd5 Nxd5 5.e4 Nxc3 6.bxc3 Bg7 7.Be3 c5 8.Qd2 Qa5
9.Rb1 b6 10.Bb5+ Bd7 11.Bd3 O-O 12.Ne2 Nc6 13.dxc5 Ne5 14.cxb6 axb6 15.O-O Be6
16.Bxb6 Qxa2 17.Rb2 Qa3 18.Rb4 Rfc8 19.Bd4 Nc4 20.Bxc4 Bxc4 21.e5 Qa6 22.Re1 Rab8
23.Ng3 Bd5 24.Ne4 Qc6 25.f3 Bf8 26.Rxb8 Rxb8 27.Qf4 Bg7 28.e6 Bxd4+ 29.cxd4 Rf8
30.exf7+ Rxf7 31.Qb8+ Rf8 32.Qe5 Bxe4 33.Qxe4 Qxe4 34.fxe4 Rd8 35.Rd1 Kf7
36.Kf2 Ke6 37.Ke3 Ra8 38.Rd2 h6 39.Rc2 Ra1 40.h3 Re1+ 41.Kf3 Rd1 42.d5+ Kf7
43.Kf4 Kf6 44.Rc6+ Kf7 45.Rc7 Rd2 46.Ke5 h5 47.Rd7 Ra2 48.h4 Ra5 49.Rc7 Ra6
50.Kf4 Rf6+ 51.Kg5 Rf2 52.g3 Rf3 53.d6 Ke6 54.d7 Rxg3+ 55.Kh6 Rd3 56.Kxg6 Ke5
57.Kf7  1-0

[Event "Ch-Kaissa Club"]
[Site "Kharkov UKR"]
[Date "2001.04.19"]
[Round "2"]
[White "Romashko,A"]
[Black "Kalinski,I"]
[Result "1/2-1/2"]
[WhiteElo "2049"]
[BlackElo "2240"]

1.d4 Nf6 2.c4 g6 3.Nc3 d5 4.cxd5 Nxd5 5.e4 Nxc3 6.bxc3 Bg7 7.Bc4 c5 8.Ne2 O-O
9.O-O Nc6 10.Be3 Bg4 11.f3 Na5 12.Bd5 cxd4 13.cxd4 Bc8 14.Rc1 e6 15.Bb3 b6
16.Qd3 Nxb3 17.axb3 a5 18.Rfd1 Ba6 19.Qd2 Qd6 20.d5 Rac8 21.Nf4 e5  1/2-1/2

[Event "Open"]
[Site "Cutro ITA"]
[Date "2001.04.22"]
[Round "1"]
[White "Scerbo,A"]
[Black "Dragojlovic,A"]
[Result "0-1"]
[WhiteElo "2095"]
[BlackElo "2335"]

1.d4 Nf6 2.c4 g6 3.Nc3 d5 4.cxd5 Nxd5 5.e4 Nxc3 6.bxc3 Bg7 7.Be3 c5 8.Qd2 Qa5
9.Rc1 b5 10.Nf3 Bb7 11.d5 Nd7 12.Be2 Nf6 13.c4 b4 14.Bd3 Ng4 15.O-O Nxe3
16.Qxe3 O-O 17.Rc2 Qb6 18.e5 a5 19.Qg5 e6 20.d6 a4 21.h4 Bxf3 22.gxf3 f6
23.Qg4 fxe5 24.Qxe6+ Kh8 25.Be4 Rad8 26.Rd2 Rf6 27.Qg4 Rfxd6 28.Rxd6 Qxd6
29.h5 gxh5 30.Qxh5 Qh6 31.Qg4 Bf6 32.Bd5 Qg5 33.Re1 Qxg4+ 34.fxg4 a3 35.Re3 e4
36.Kf1 Bd4 37.Re2 b3 38.Bxe4 bxa2 39.Rxa2 Bb2 40.Bd5 Kg7 41.Ke2 Kf6 42.f4 h6
43.Kd3 Rb8 44.Kc2 Re8 45.Kd2 Re7 46.Bf3 Re8 47.Bd5 Rf8 48.Kd3 Kg7 49.Ke3 Bc1+
50.Ke4 Rxf4+ 51.Ke5 Rxg4 52.Kd6 Bb2 53.Kxc5 Rg6 54.Kb5 Kf8 55.c5 Ke7 56.Be4 Re6
57.Bd5 Rf6 58.Be4 Kd8 59.c6 Kc7 60.Kc5 h5  0-1

[Event "Zone 3.2b (Oceana)"]
[Site "Gold Coast AUS"]
[Date "2001.04.23"]
[Round "4"]
[White "Tindall,B"]
[Black "Zhao Zong Yuan"]
[Result "1/2-1/2"]
[WhiteElo "2225"]
[BlackElo "2390"]

1.d4 Nf6 2.c4 g6 3.Nc3 d5 4.cxd5 Nxd5 5.e4 Nxc3 6.bxc3 Bg7 7.Bc4 c5 8.Ne2 O-O
9.O-O Nc6 10.Be3 Bg4 11.f3 Na5 12.Bxf7+ Rxf7 13.fxg4 Rxf1+ 14.Kxf1 cxd4 15.cxd4 e5
16.d5 Nc4 17.Bf2 Qf6 18.Kg1 Rf8 19.Bc5 Rc8 20.Bf2 Rf8 21.Bc5 Rc8  1/2-1/2

[Event "GMA"]
[Site "Dos Hermanas ESP"]
[Date "2001.04.24"]
[Round "6"]
[White "Illescas Cordoba,M"]
[Black "Krasenkow,M"]
[Result "1-0"]
[WhiteElo "2562"]
[BlackElo "2655"]

1.d4 Nf6 2.c4 g6 3.Nc3 d5 4.cxd5 Nxd5 5.e4 Nxc3 6.bxc3 Bg7 7.Nf3 c5 8.Be3 Qa5
9.Qd2 Nc6 10.Rc1 cxd4 11.cxd4 Qxd2+ 12.Kxd2 O-O 13.d5 Rd8 14.Ke1 Na5 15.Bg5 Bd7
16.Bd3 Rdc8 17.Ke2 e6 18.Be3 exd5 19.exd5 Rd8 20.Rc5 b6 21.Rc7 Bg4 22.h3 Bxf3+
23.Kxf3 Be5 24.Rc2 Rab8 25.Ke4 f6 26.f4 Bd6 27.Kf3 Rbc8 28.Rxc8 Rxc8 29.Bd4 Kf7
30.h4 Bc5 31.Rc1 Rc7 32.Ba6 Bd6 33.Rxc7+ Bxc7 34.g4 h6 35.g5 hxg5 36.hxg5 fxg5
37.fxg5 Bb8 38.Bc3 Bd6 39.Ke4 Ba3 40.Bd2 Ke7 41.Ke5 Bd6+ 42.Ke4 Ba3 43.Bf4 b5
44.Bxb5 Nb7 45.Kf3 Nd6 46.Bd3 Kf7 47.Be3 a5 48.Bd2 a4 49.Bc2 Nc4 50.Bf4 Nb6
51.Ke4 Bc5 52.Be5 Nc4 53.Bf6 Nd6+ 54.Kd3 a3 55.Kc3 Be3 56.Kb4 Bc1 57.Kc5 Bf4
58.Bd3 Nc8 59.Kc6 Nd6 60.Bd8 Nf5 61.Bxf5 gxf5 62.d6 Bd2 63.d7 Kg6 64.Kd5  1-0

[Event "TSGM"]
[Site "Belgrade YUG"]
[Date "2001.04.25"]
[Round "5"]
[White "Kallio,H"]
[Black "Nestorovic,D"]
[Result "1-0"]
[WhiteElo "2410"]
[BlackElo "2433"]

1.d4 Nf6 2.c4 g6 3.Nc3 d5 4.cxd5 Nxd5 5.e4 Nxc3 6.bxc3 Bg7 7.Bb5+ c6 8.Ba4 O-O
9.Ne2 b6 10.Be3 Ba6 11.Bb3 e5 12.O-O Nd7 13.Rc1 Qe7 14.f3 Rad8 15.Qe1 c5
16.d5 c4 17.Bc2 Nc5 18.Qd2 Nd3 19.Rcd1 f5 20.Bxd3 cxd3 21.Nc1 fxe4 22.fxe4 Qh4
23.Rxf8+ Rxf8 24.Nxd3 Qxe4 25.Nf2 Qc4 26.d6 Bb7 27.d7 Bf6 28.Bg5 Qc6 29.Ne4 Bd8
30.Bxd8 Rxd8 31.Qg5 Qc7 32.Nf6+ Kf7 33.Ng4  1-0

[Event "3rd Rector Cup"]
[Site "Kharkov RUS"]
[Date "2001.04.25"]
[Round "10"]
[White "Moiseenko,A"]
[Black "Eljanov,P"]
[Result "1/2-1/2"]
[WhiteElo "2561"]
[BlackElo "2558"]

1.d4 Nf6 2.c4 g6 3.Nc3 d5 4.cxd5 Nxd5 5.e4 Nxc3 6.bxc3 Bg7 7.Nf3 c5 8.Rb1 O-O
9.Be2 b6 10.O-O Bb7 11.Qd3 Qc7 12.Bg5 Nd7 13.Qe3 e6 14.Bd3 Rac8 15.e5 Bd5
16.Ba6 Rce8 17.a4 f6 18.exf6 Nxf6 19.Bf4 Qd8 20.Bg5 Ng4 21.Bxd8 Nxe3 22.fxe3 Rxd8
23.Bd3 Bh6 24.Kf2 cxd4 25.cxd4 e5 26.e4 Ba2 27.Rb2 Rxd4 28.Rxa2 Rxd3 29.a5 b5
30.Rc2 b4 31.Rc7 b3 32.Rb7 Rc8 33.Nxe5 Rc2+ 34.Kg1 Be3+ 35.Kh1 Rdc3 36.Ng4 Bg5
37.Rb8+ Kg7 38.Rb7+ Kg8 39.Rb8+ Kg7 40.Rb7+ Rc7 41.Rxb3 h5 42.Ne5 Rc1 43.Rf3 Rxf1+
44.Rxf1 Rc5 45.Nf3 Rxa5 46.Rc1 Be3 47.h4 Kf6 48.Kh2 Ra4 49.e5+ Kf5 50.Kh3 Ra3  1/2-1/2

[Event "2nd ch-EUR Women"]
[Site "Warsaw POL"]
[Date "2001.04.25"]
[Round "4"]
[White "Peng Zhaoqin"]
[Black "Krupkova,P"]
[Result "1-0"]
[WhiteElo "2391"]
[BlackElo "2249"]

1.d4 Nf6 2.c4 g6 3.Nc3 d5 4.cxd5 Nxd5 5.e4 Nxc3 6.bxc3 Bg7 7.Bc4 O-O 8.Ne2 c5
9.O-O Nc6 10.Be3 Qc7 11.Rc1 Rd8 12.Bf4 Qd7 13.d5 Na5 14.Bd3 e5 15.Bg5 f6
16.Be3 c4 17.Bc2 b6 18.f4 Nb7 19.fxe5 fxe5 20.Ng3 Nd6 21.Qd2 Bb7 22.h3 Rf8
23.Rce1 Rxf1+ 24.Nxf1 Rf8 25.Nh2 Bc8 26.Nf3 Qe7 27.Kh2 Bd7 28.Bg5 Bf6 29.Be3 Bg7
30.Rd1 Rd8 31.Qc1 Bc8 32.a4 Nb7 33.Qb2 Qc7 34.Bg5 Re8 35.Ra1 h6 36.Be3 Bd7
37.Qc1 Kh7 38.Qe1 Bf6 39.Qg3 Qd6 40.Rf1 Qe7 41.Kh1 Kg7 42.Qf2 Bc8 43.Nd2 Bh4
44.Qf3 Nd6 45.a5 b5 46.Bc5 Rd8 47.Qd1 a6 48.Nf3 Bg3 49.Qc1 g5 50.Nh2 Bxh2
51.Kxh2 Rf8 52.Re1 Rf6 53.Bd1 Qf7 54.Qe3 Nb7 55.Bb4 Rf4 56.Kg1 Qg6 57.Rf1 Qxe4
58.Qxe4 Rxe4 59.Bf8+ Kg8 60.Bxh6 g4 61.Bc2 Nc5 62.Rf8+ Kh7 63.Rxc8  1-0

[Event "2nd ch-EUR Women"]
[Site "Warsaw POL"]
[Date "2001.04.29"]
[Round "7"]
[White "Nill,J"]
[Black "Szymanowska,K"]
[Result "1-0"]
[WhiteElo "2259"]
[BlackElo "2130"]

1.d4 Nf6 2.c4 g6 3.Nc3 d5 4.cxd5 Nxd5 5.e4 Nxc3 6.bxc3 Bg7 7.Bc4 c5 8.Ne2 O-O
9.O-O Nc6 10.Be3 Qc7 11.Rc1 Rd8 12.a4 a6 13.Qc2 Na5 14.Ba2 c4 15.Rb1 Bd7
16.d5 b5 17.axb5 axb5 18.Nd4 Rab8 19.Rb2 e6 20.dxe6 fxe6 21.Rfb1 Qd6 22.h3 Bxd4
23.Bxd4 e5 24.Be3 Bc6 25.f3 Qd3 26.Qf2 Ra8 27.Rc1 Qd7 28.Bb6 Rdc8 29.Rd2 Qb7
30.Rcd1 Rcb8 31.Bc5 Re8 32.Kh1 Qc8 33.Bb4 Qc7 34.Bd6 Qa7 35.Bc5 Qc7 36.Bb6 Qc8
37.Rd8 Qa6 38.Rxe8+ Bxe8 39.Rd2 Nb7 40.Bc7 Qe6 41.Qg3 Bf7 42.Bxe5 Nc5 43.Qg5 Re8
44.Bd4 Nb3 45.Bxb3 cxb3 46.Qh6  1-0

[Event "7th"]
[Site "Cutro ITA"]
[Date "2001.04.30"]
[Round "9"]
[White "Halkias,S"]
[Black "Ristic,Nen"]
[Result "1/2-1/2"]
[WhiteElo "2494"]
[BlackElo "2425"]

1.d4 Nf6 2.c4 g6 3.Nc3 d5 4.cxd5 Nxd5 5.e4 Nxc3 6.bxc3 Bg7 7.Nf3 c5 8.Rb1 O-O
9.Be3 Nc6 10.d5 Ne5 11.Nxe5 Bxe5 12.Qd2 e6 13.f4 Bg7 14.c4 exd5 15.cxd5 Bd4
16.Be2 Qe7 17.e5 Qh4+ 18.g3 Qd8 19.Bf3 Bf5 20.Rc1 Bxe3 21.Qxe3 Qb6 22.Qf2 Qa6
23.g4 Bd3 24.Qd2 c4 25.Kf2 b5 26.Kg3 Rab8 27.h4 b4 28.h5 b3 29.axb3 Rxb3
30.Rc3 Rfb8 31.hxg6 Qxg6 32.d6 Rxc3 33.Qxc3 Rb3 34.d7 Rxc3 35.d8=Q+ Kg7 36.f5 Bxf5
37.Qf6+ Qxf6 38.exf6+  1/2-1/2

[Event "54th ch-RUS"]
[Site "Elista RUS"]
[Date "2001.04.30"]
[Round "1"]
[White "Kharlov,A"]
[Black "Timofeev,Ar"]
[Result "1-0"]
[WhiteElo "2639"]
[BlackElo "2522"]

1.d4 Nf6 2.c4 g6 3.Nc3 d5 4.cxd5 Nxd5 5.e4 Nxc3 6.bxc3 Bg7 7.Bc4 O-O 8.Ne2 Nc6
9.O-O Na5 10.Bd3 b6 11.Bg5 c5 12.d5 h6 13.Bh4 g5 14.Bg3 e6 15.f4 exd5 16.exd5 f5
17.fxg5 hxg5 18.d6 Qe8 19.Qd2 f4 20.Bxf4 gxf4 21.Nxf4 Qe5 22.Ng6 Rxf1+ 23.Rxf1 Qxd6
24.Qe2 Bb7 25.Ne7+ Kh8 26.Qh5+ Qh6 27.Qf5 Rd8 28.Ng6+ Kh7 29.Ne5+ Kg8 30.Qf7+ Kh8
31.Ng6+ Kh7 32.Ne5+ Kh8 33.Qe7 Rxd3 34.Nf7+ Kh7 35.Ng5+ Qxg5 36.Qxg5 Rd5
37.Qh4+ Kg8 38.Re1 Bc6 39.Qg4 Rd2 40.Qe6+ Kh8 41.Qc8+ Kh7 42.Qf5+ Kg8 43.Re7 Rxg2+
44.Kf1 Kh8  1-0

[Event "It"]
[Site "Podlehnik SLO"]
[Date "2001.04.30"]
[Round "7"]
[White "Zheliandinov,V"]
[Black "Polajzer,D"]
[Result "1/2-1/2"]
[WhiteElo "2398"]
[BlackElo "2425"]

1.d4 Nf6 2.c4 g6 3.Nc3 d5 4.cxd5 Nxd5 5.e4 Nxc3 6.bxc3 Bg7 7.Nf3 O-O 8.Be2 c5
9.Be3 Nc6 10.Rc1 cxd4 11.cxd4 Qa5+ 12.Bd2 Qxa2 13.d5 Nd4 14.Nxd4 Bxd4  1/2-1/2

[Event "2nd ch-EUR Women"]
[Site "Warsaw POL"]
[Date "2001.04.30"]
[Round "8"]
[White "Shumiakina,T"]
[Black "Krupkova,P"]
[Result "1-0"]
[WhiteElo "2376"]
[BlackElo "2249"]

1.d4 Nf6 2.c4 g6 3.Nc3 d5 4.cxd5 Nxd5 5.e4 Nxc3 6.bxc3 Bg7 7.Bb5+ c6 8.Ba4 O-O
9.Ne2 c5 10.O-O Nc6 11.Be3 Na5 12.Rb1 Nc4 13.Bg5 h6 14.Bc1 cxd4 15.cxd4 a6
16.Bb3 Na5 17.Bc2 b5 18.d5 e6 19.Nf4 exd5 20.Nxd5 Nc4 21.Bf4 Na3 22.Rb3 Nxc2
23.Qxc2 Ra7 24.Rd1 Rd7 25.Rbd3 Kh8 26.Qd2 g5 27.Be3 Bb7 28.h4 f6 29.Bc5 Re8
30.hxg5 fxg5 31.f3 Qb8 32.Qf2 Be5 33.Ne7 Rxd3 34.Rxd3 Qc7 35.Ng6+ Kh7 36.Nxe5 Rxe5
37.Bd6 Qc1+ 38.Kh2 Re6 39.Rd2 Qc6 40.e5 Qe8 41.Rc2 Bd5 42.Rc7+ Kh8 43.Qc2 Qg8
44.Qf5 Bxa2 45.Be7 Qg6 46.Qf8+  1-0

[Event "2nd ch-EUR Women"]
[Site "Warsaw POL"]
[Date "2001.04.30"]
[Round "8"]
[White "Matveeva,S"]
[Black "Grabarska,B"]
[Result "1-0"]
[WhiteElo "2447"]
[BlackElo "2213"]

1.d4 Nf6 2.c4 g6 3.Nc3 d5 4.cxd5 Nxd5 5.e4 Nxc3 6.bxc3 Bg7 7.Nf3 c5 8.h3 O-O
9.Be2 cxd4 10.cxd4 b6 11.O-O Bb7 12.Qd3 Ba6 13.Qe3 Bxe2 14.Qxe2 Bxd4 15.Nxd4 Qxd4
16.Bh6 Rc8 17.Rad1 Qf6 18.Rd5 Nc6 19.Rfd1 Qe6 20.f4 f6 21.Qc4 Na5 22.Qd3 Nb7
23.f5 Qc6 24.Qb3 e6 25.fxe6 Nc5 26.Qf3 Qxe6 27.Rd6 Qe7 28.Rxf6 Nxe4 29.Qb3+ Kh8
30.Rf7 Qc5+ 31.Be3  1-0

[Event "54th ch-RUS"]
[Site "Elista RUS"]
[Date "2001.05.03"]
[Round "4"]
[White "Iljushin,A"]
[Black "Baikov,V"]
[Result "1-0"]
[WhiteElo "2536"]
[BlackElo "2431"]

1.d4 Nf6 2.c4 g6 3.Nc3 d5 4.cxd5 Nxd5 5.e4 Nxc3 6.bxc3 Bg7 7.Be3 c5 8.Qd2 Qa5
9.Nf3 O-O 10.Rb1 a6 11.Rc1 e6 12.Bh6 Nc6 13.h4 cxd4 14.Bxg7 Kxg7 15.cxd4 Qxd2+
16.Kxd2 h6 17.Bd3 Rd8 18.Ke3 Bd7 19.Rb1 Na5 20.Rhc1 Rac8 21.Ne5 Be8 22.f4 h5
23.Nf3 Kf8 24.g3 Ke7 25.Nd2 Bd7 26.e5 Rxc1 27.Rxc1 Rc8 28.Rxc8 Bxc8 29.Be4 b5
30.d5 exd5 31.Bxd5 Be6 32.Kd4 Kd7 33.Bxe6+ fxe6 34.Ne4 Nc6+ 35.Kc5 Kc7 36.Ng5 Nd8
37.Nh7 Nb7+ 38.Kd4 Kd7 39.Nf8+ Ke7 40.Nxg6+ Kf7 41.f5 exf5 42.Nf4 Nd8 43.Kd5 b4
44.Kd6 Ke8 45.Nxh5 Nb7+ 46.Kd5 a5 47.Ng7+ Kf7 48.Nxf5 a4 49.e6+ Ke8 50.Nd4 Na5
51.h5  1-0

[Event "54th ch-RUS"]
[Site "Elista RUS"]
[Date "2001.05.07"]
[Round "7"]
[White "Volkov,S"]
[Black "Timofeev,Ar"]
[Result "1-0"]
[WhiteElo "2558"]
[BlackElo "2522"]

1.d4 Nf6 2.c4 g6 3.Nc3 d5 4.cxd5 Nxd5 5.e4 Nxc3 6.bxc3 Bg7 7.Be3 c5 8.Qd2 Qa5
9.Rb1 b6 10.Bb5+ Bd7 11.Be2 Bc6 12.Bd3 Nd7 13.h4 h5 14.Nh3 Rd8 15.Ng5 O-O
16.Rc1 cxd4 17.cxd4 Nc5 18.Qxa5 Nxd3+ 19.Kd2 bxa5 20.Rxc6 Ne5 21.Rc3 Ng4
22.Rd3 f5 23.Ke2 fxe4 24.Nxe4 Rb8 25.Rhd1 Rf5 26.R1d2 Rb1 27.Rc3 Rg1 28.g3 Nxe3
29.fxe3 Bh6 30.Kd3 Re1 31.Re2 Rd1+ 32.Kc2 Ra1 33.Ra3 Kf7 34.Kd3 Rg1 35.Kd2 Rb5
36.Rf2+ Ke8 37.Ke2 Kd7 38.Nc5+ Ke8 39.Kf3 e5 40.Re2 Ke7 41.Rc3 Rb8 42.dxe5 Rf8+
43.Ke4 Rxg3 44.Nb7 Rg4+ 45.Kd5 Rf1 46.Rc7+ Kf8 47.Nd6 Rxh4 48.Rxa7 Rg4 49.Rc2 Kg8
50.Rc8+ Rf8 51.Ne8 Bg5 52.e6 h4 53.e7 Rf5+ 54.Kd6 Kf7 55.Ng7  1-0

[Event "54th ch-RUS"]
[Site "Elista RUS"]
[Date "2001.05.08"]
[Round "8"]
[White "Iljushin,A"]
[Black "Dvoirys,S"]
[Result "1/2-1/2"]
[WhiteElo "2536"]
[BlackElo "2568"]

1.d4 Nf6 2.c4 g6 3.Nc3 d5 4.cxd5 Nxd5 5.e4 Nxc3 6.bxc3 Bg7 7.Be3 c5 8.Qd2 Qa5
9.Rb1 b6 10.Nf3 O-O 11.Rc1 Ba6 12.Bxa6 Nxa6 13.O-O cxd4 14.cxd4 Qxd2 15.Bxd2 Rfc8
16.a4 e6 17.Rfd1 f6 18.Kf1 Bf8 19.e5 Be7 20.exf6 Bxf6 21.Ke2 Kf7 22.h4 h5
23.g3 Nc7 24.Rc6 Nd5 25.Rdc1 Rxc6 26.Rxc6 Ke7  1/2-1/2

[Event "TCh-YUG"]
[Site "Herceg Novi YUG"]
[Date "2001.05.14"]
[Round "1"]
[White "Malakhatko,V"]
[Black "Ftacnik,L"]
[Result "1/2-1/2"]
[WhiteElo "2524"]
[BlackElo "2618"]

1.d4 Nf6 2.c4 g6 3.Nc3 d5 4.cxd5 Nxd5 5.e4 Nxc3 6.bxc3 Bg7 7.Nf3 c5 8.Be3 Qa5
9.Qd2 Nc6 10.Rc1 cxd4 11.cxd4 Qxd2+ 12.Kxd2 O-O 13.d5 Rd8 14.Ke1 Na5 15.Bg5 Bd7
16.Bd3 Rdc8 17.Ke2 e6 18.Be3 exd5 19.exd5 b6 20.Ba6 Rd8 21.Rhd1 Ba4 22.Rd3 b5
23.Bf4 Nc4 24.Bb7 Bb2 25.Bxa8 Bxc1 26.Bxc1 Rxa8 27.Rd4 Rc8 28.Bf4 b4 29.Nd2 Re8+
30.Kf3 Nxd2+ 31.Rxd2  1/2-1/2

[Event "TCh-RUS"]
[Site "Tomsk RUS"]
[Date "2001.05.14"]
[Round "2"]
[White "Pridorozhni,A"]
[Black "Yandemirov,V"]
[Result "1/2-1/2"]
[WhiteElo "2352"]
[BlackElo "2472"]

1.d4 Nf6 2.c4 g6 3.Nc3 d5 4.cxd5 Nxd5 5.e4 Nxc3 6.bxc3 Bg7 7.Nf3 c5 8.Be3 Qa5
9.Qd2 Nc6 10.Rc1 cxd4 11.cxd4 Qxd2+ 12.Kxd2 O-O 13.d5 Rd8 14.Ke1 Na5 15.Bg5 Bd7
16.Bd3 Rdc8 17.Ke2 e6 18.Be3 exd5 19.exd5 a6 20.Bb6 Re8+ 21.Kf1 Bb5 22.Bxb5 axb5
23.d6 Bf6 24.d7 Rf8 25.Rc2 Nc4 26.Bd4 Bxd4 27.Nxd4 Rfd8 28.Nxb5 Rxd7 29.g3 Na3  1/2-1/2

[Event "TCh-RUS"]
[Site "Tomsk RUS"]
[Date "2001.05.16"]
[Round "4"]
[White "Volkov,S"]
[Black "Timofeev,Ar"]
[Result "1-0"]
[WhiteElo "2558"]
[BlackElo "2522"]

1.d4 Nf6 2.c4 g6 3.Nc3 d5 4.cxd5 Nxd5 5.e4 Nxc3 6.bxc3 Bg7 7.Qa4+ Nd7 8.Nf3 O-O
9.Bg5 c5 10.Rb1 h6 11.Be3 Nb6 12.Qb3 cxd4 13.cxd4 Bg4 14.Be2 Rc8 15.Rd1 Bd7
16.Qa3 Ba4 17.Rc1 Bc2 18.e5 Be4 19.O-O Bd5 20.Rxc8 Nxc8 21.Rc1 e6 22.Nd2 Qd7
23.h3 Rd8 24.Rc2 Bf8 25.Qa5 Bc6 26.Bf3 Bxf3 27.Nxf3 b6 28.Qd2 Kh7 29.Qc1 Ne7
30.Rc7 Qa4 31.Nh2 h5 32.Nf3 Rd7 33.Bg5 Nf5 34.Rc4 Qa3 35.Qc2 b5 36.Rc7 Rxc7
37.Qxc7 Kg8 38.d5 exd5 39.e6 fxe6 40.Ne5 Ne7 41.Qd7 Qc3 42.Qxe6+ Kh8 43.Nd7  1-0

[Event "ch-LTU"]
[Site "Kaunas LTU"]
[Date "2001.05.17"]
[Round "12"]
[White "Sakalauskas,V"]
[Black "Malisauskas,V"]
[Result "1/2-1/2"]
[WhiteElo "2437"]
[BlackElo "2518"]

1.d4 Nf6 2.c4 g6 3.Nc3 d5 4.cxd5 Nxd5 5.e4 Nxc3 6.bxc3 Bg7 7.Nf3 c5 8.Be3 Qa5
9.Qd2 O-O 10.Rc1 cxd4 11.cxd4 Qxd2+ 12.Nxd2 Rd8 13.Nb3 Nc6 14.d5 Nb4 15.Bd2 Na6
16.Bxa6 bxa6 17.Bb4 e6 18.Ba5 Rd7 19.dxe6 fxe6 20.O-O Bf8 21.Rfd1 Rxd1+ 22.Rxd1 Bb7
23.f3 Rc8 24.Rd7 Bc6 25.Rxa7 Bb5 26.Rc7 Rxc7 27.Bxc7 Bc4 28.Kf2 Bb4 29.Ke3 Bc3
30.Bb6 a5  1/2-1/2

[Event "TCh-YUG Women"]
[Site "Herceg Novi YUG"]
[Date "2001.05.20"]
[Round "7"]
[White "Alexandrova,O"]
[Black "Matveeva,S"]
[Result "1/2-1/2"]
[WhiteElo "2419"]
[BlackElo "2430"]

1.d4 Nf6 2.c4 g6 3.Nc3 d5 4.cxd5 Nxd5 5.e4 Nxc3 6.bxc3 Bg7 7.Bc4 c5 8.Ne2 Nc6
9.Be3 O-O 10.O-O Bg4 11.f3 Na5 12.Bd3 cxd4 13.cxd4 Be6 14.Rc1 Bxa2 15.Qa4 Be6
16.d5 Bd7 17.Qb4 e6 18.Rfd1 exd5 19.exd5 Re8 20.Bf2 b5 21.Nd4 Nc4 22.Nc6 Bxc6
23.dxc6 Nb2 24.Bxb5 Nxd1 25.c7 Qd5 26.Bxe8 Nxf2 27.Qc4 Nh3+ 28.Kh1 Qxc4 29.Rxc4 Rxe8
30.c8=Q Rxc8 31.Rxc8+ Bf8 32.gxh3  1/2-1/2